000 00734nam a22002537i 4500
003 URS
005 20220117094741.0
008 170126b xxu||||| |||| 00| 0 eng d
020 _a9789719905124
040 _erda
_cCOLLEGE
_beng
050 0 0 _aQA39.3
_bP14 2013
100 1 _aPAGALA, RENANTE C.,
_eauthor
245 1 0 _aBASIC MATHEMATICS
_cPAGALA, RENANTE C.
264 1 _aMANILA
_bMINDSHAPERS CO., INC.
_c2013
300 _ax, 320 pages
_billustrationss
_c25.3 cm
336 _2rdacontent
_atext
337 _2rdamedia
_aunmediated
338 _2rdacarrier
_avolume
500 _aincludes references
650 _amathematics
650 _amathematics-problems, exercises
650 _amathematics--textbooks
942 _2lcc
_cF
999 _c11782
_d11782